000 00686nam a22002417a 4500
003 UA-OsUOA
001 44760
007 ta
008 20110216b un ||||| |||| 00| 0 ukr d
100 _aШтепа М.
090 _a82-32
_bШ89
942 _cBR
040 _aUA-OsUOA
_bukr
_cUA-OsUOA
_dUA-OsUOA
245 _aНезрадливий душі оберіг
300 _a28 с.
955 _a3
041 _aukr
080 _a82-32
260 _aЧортків
_c2001
650 7 _a82 Література. Літературознавство
_2UDC
999 _c424862
_d424862